Pagtuturo at pagtataya sa pagbasa at pagsulat / (Record no. 12035)
[ view plain ]
| 000 -LEADER | |
|---|---|
| fixed length control field | 00629nam a22002057i 4500 |
| 003 - CONTROL NUMBER IDENTIFIER | |
| control field | URS |
| 005 - DATE AND TIME OF LATEST TRANSACTION | |
| control field | 20220117095011.0 |
| 008 - FIXED-LENGTH DATA ELEMENTS--GENERAL INFORMATION | |
| fixed length control field | 181206b ||||| |||| 00| 0 eng d |
| 020 ## - INTERNATIONAL STANDARD BOOK NUMBER | |
| International Standard Book Number | 9789719676478 |
| 040 ## - CATALOGING SOURCE | |
| Language of cataloging | eng |
| Description conventions | rda |
| Transcribing agency | URS |
| 050 00 - LIBRARY OF CONGRESS CALL NUMBER | |
| Classification number | PL 6054 |
| Item number | T111 2016 |
| 245 10 - TITLE STATEMENT | |
| Title | Pagtuturo at pagtataya sa pagbasa at pagsulat / |
| Statement of responsibility, etc. | Resyjane Minerva P. Tabangcura. |
| 264 #1 - PRODUCTION, PUBLICATION, DISTRIBUTION, MANUFACTURE, AND COPYRIGHT NOTICE | |
| Place of production, publication, distribution, manufacture | Malabon City : |
| Name of producer, publisher, distributor, manufacturer | Jimczyville Publications, |
| Date of production, publication, distribution, manufacture, or copyright notice | [2016] |
| 264 #4 - PRODUCTION, PUBLICATION, DISTRIBUTION, MANUFACTURE, AND COPYRIGHT NOTICE | |
| Date of production, publication, distribution, manufacture, or copyright notice | ©2016 |
| 336 ## - CONTENT TYPE | |
| Content type term | text |
| Content type code | txt |
| Source | rdacontent |
| 337 ## - MEDIA TYPE | |
| Media type term | unmediated |
| Media type code | n |
| Source | rdamedia |
| 338 ## - CARRIER TYPE | |
| Carrier type term | volume |
| Carrier type code | nc |
| Source | rdacarrier |
| 300 ## - PHYSICAL DESCRIPTION | |
| Extent | x, 198 pages, |
| Other physical details | illustrations |
| Dimensions | 23 cm. |
| 942 ## - ADDED ENTRY ELEMENTS (KOHA) | |
| Source of classification or shelving scheme | Library of Congress Classification |
| Koha item type | Filipiniana |
| Withdrawn status | Source of classification or shelving scheme | Damaged status | Not for loan | Collection code | Home library | Current library | Shelving location | Date acquired | Total Checkouts | Full call number | Barcode | Date last seen | Price effective from | Koha item type |
|---|---|---|---|---|---|---|---|---|---|---|---|---|---|---|
| Library of Congress Classification | Non-fiction | Rodriguez College Library | Rodriguez College Library | Reference | 12/06/2018 | PL 6054 T111 2016 | URSROD-4657 | 12/06/2018 | 12/06/2018 | Filipiniana | ||||
| Library of Congress Classification | Non-fiction | Rodriguez College Library | Rodriguez College Library | Reference | 12/06/2018 | PL 6054 T111 2016 | URSROD-4658 | 12/06/2018 | 12/06/2018 | Filipiniana | ||||
| Library of Congress Classification | Non-fiction | Rodriguez College Library | Rodriguez College Library | Reference | 12/06/2018 | PL 6054 T111 2016 | URSROD-4659 | 12/06/2018 | 12/06/2018 | Filipiniana |